000 02542nam0a2200433 4500
001 RU\NLR\BIBL_A\012518213
005 20210924134617.0
010 _a978-5-91137-426-6
_9300
021 _aRU
_bКН-П-20-086966
_9КН-П-20-6616
035 _a(NLR Aleph) 012518213
035 _a(RuMoRGB)010538206
090 _a12311731
_c12311731
100 _a20210514d2020 k y0rusy50 ca
101 0 _arus
102 _aRU
105 _aa|||z|||000zy
181 0 _ai
_baxxe
182 0 _an
200 1 _aПрименение метода сорбционной конверсии для переработки фосфатного, фторидного, фтор-фосфатного природного и техногенного редкоземельного сырья
_fЭ. П. Локшин, О. А. Тареева
_gМинистерство науки и высшего образования Российской Федерации, Федеральный исследовательский центр "Кольский научный центр Российской академии наук", Институт химии и технологии редких элементов и минерального сырья им. И. В. Тананаева
203 _aТекст
_bвизуальный
_cнепосредственный
210 _aАпатиты
_cИзд-во Кольского научного центра РАН
_d2020
215 _a80 с.
_cил., табл., цв. ил.
_d20
300 _aНа обл.: Федеральный исследовательский центр, Кольский научный центр Российской академии наук. 90, 1930-2020
320 _aБиблиогр.: с. 75-80 (66 назв.)
606 1 _aРедкоземельные металлы
_xИзвлечение из руд
_91514367
_3RU\NLR\AUTH\66959633
606 1 _aРуды
_xПереработка
_91538579
_3RU\NLR\AUTH\66971890
606 1 _aФосфатные руды
_xПереработка
_91869912
_3RU\NLR\AUTH\661139760
610 0 _aредкоземельные металлы
610 0 _aсорбционная конверсия
686 1 _aК345.3
686 1 _aИ41,3
686 1 _aЛ322-3
700 1 _aЛокшин
_bЭ. П.
_gЭфроим Пинхусович
701 1 _aТареева
_bО. А.
_gОльга Альбертовна
942 _cBOOK
980 _aNBR
980 _aNB